| 000 | 00923nam a22002897a 4500 | ||
|---|---|---|---|
| 003 | CHAP | ||
| 005 | 20220329135243.0 | ||
| 008 | 971013s1978 enka r 00010 eng d | ||
| 010 | _a33330 | ||
| 011 | _a34302 | ||
| 035 | _a38418 | ||
| 040 | _cCHAP | ||
| 082 | 0 | 4 |
_a519.5 _bM39 |
| 100 | 0 | 0 |
_aMaxwell, A. E. _973165 |
| 245 | 1 |
_aBasic statistics _b: for medical and social science students |
|
| 260 |
_aLondon : _bChapman and Hall, _c1978 |
||
| 300 |
_a126 p. _b; gráfs |
||
| 590 |
_aBATCH-UPD _b10 _c20130110 _lUCH01 _h2105 |
||
| 590 |
_aBATCH-UPD _b10 _c20130410 _lUCH01 _h1417 |
||
| 590 |
_aBATCH-UPD _b10 _c20130914 _lUCH01 _h1323 |
||
| 590 |
_aCONVERSION _b10 _c20130109 _lUCH01 _h1319 |
||
| 650 | 1 | 4 |
_aEstadística. _938241 |
| 901 | _aBK | ||
| 942 | _cLIBRO | ||
| 949 |
_a519.5 M39 _bBC _cLIBRO _d-87881 _eLIBRO _fc.2 _h52234 _i38418 _si _t182.00 |
||
| 949 |
_a519.5 M39 _bBC _cLIBRO _d33724000388344 _eLIBRO _h52233 _i38418 _si _t182.00 |
||
| 999 |
_c33330 _d33330 |
||